TRANSCOM 2013 10-th european conference of young researchers and scientists : proceedings : Žilina June 24-26, 2013

Guardado en:
Detalles Bibliográficos
Autor Corporativo: TRANSCOM 2013. European conference
Otros Autores: Šimková, Ivana, Lieskovský, Anton
Formato: Libro
Lenguaje:inglés
Publicado: Žilina University of Žilina 2013
Materias:
Etiquetas: Agregar Etiqueta
Sin Etiquetas, Sea el primero en etiquetar este registro!

MARC

LEADER 00000nam a2200000 4500
001 0182607
005 20260323115955.6
020 |a 978-80-554-0690-9 
041 0 |a eng 
044 |a SK 
245 1 0 |a TRANSCOM 2013  |b 10-th european conference of young researchers and scientists : proceedings : Žilina June 24-26, 2013  |c edited by Ivana Šimková, Anton Lieskovský ; reviewers: Benedikt Badánik, Petr Cenek 
264 1 |a Žilina  |b University of Žilina  |c 2013 
300 |a 204 s. 
610 2 0 |a ekonómia 
610 2 0 |a veda 
610 2 0 |a doprava 
610 2 0 |a technológie komunikačné 
610 2 0 |a logistika 
610 2 0 |a kybernetika 
700 1 |a Šimková, Ivana 
700 1 |a Lieskovský, Anton 
110 2 |a TRANSCOM 2013. European conference